[Event "Dortmund op-B"]
[Site "Dortmund"]
[Date "2005.07.14"]
[Round "6"]
[White "Eleftheriadis, Paul Gabriel"]
[Black "Haidar, Marcel"]
[Result "1-0"]
[WhiteElo "1772"]
[BlackElo "1283"]
[PlyCount "45"]
[EventDate "2005.07.08"]
[EventType "swiss"]
[EventRounds "9"]
[EventCountry "GER"]
[SourceTitle "CBM 107 Extra"]
[Source "ChessBase"]
[SourceDate "2005.09.01"]
[SourceVersion "1"]
[SourceVersionDate "2005.09.01"]
[SourceQuality "1"]

1. Nf3 e6 2. c4 d5 3. d4 c6 4. Qc2 Nd7 5. cxd5 exd5 6. Nc3 Ngf6 7. Bg5 Bb4 8. e3 Qa5 9. Bd3 Bxc3+ 10. bxc3 h6 11. Bf4 0-0 12. 0-0 Ne4 13. Bxe4 dxe4 14. Nd2 Nf6 15. Nc4 Qh5 16. Nd6 g5 17. Bg3 Ng4 18. h3 Nf6 19. Nxe4 Nxe4 20. Qxe4 f5 21. Qe5 Rf7 22. Qe8+ Kg7 23. Be5+ 1-0

[Event "Dortmund op-B"]
[Site "Dortmund"]
[Date "2005.07.08"]
[Round "1"]
[White "Eleftheriadis, Paul Gabriel"]
[Black "Backes, Juergen"]
[Result "1/2-1/2"]
[WhiteElo "1772"]
[BlackElo "1453"]
[PlyCount "86"]
[EventDate "2005.07.08"]
[EventType "swiss"]
[EventRounds "9"]
[EventCountry "GER"]
[SourceTitle "CBM 107 Extra"]
[Source "ChessBase"]
[SourceDate "2005.09.01"]
[SourceVersion "1"]
[SourceVersionDate "2005.09.01"]
[SourceQuality "1"]

1. e3 e6 2. b3 c5 3. Bb2 Nc6 4. Nf3 d5 5. Bb5 Bd7 6. 0-0 Qc7 7. c4 Nge7 8. Nc3 a6 9. Bxc6 Bxc6 10. cxd5 Nxd5 11. Nxd5 Bxd5 12. Ne5 Bd6 13. f4 0-0-0 14. d4 Kb8 15. Rc1 f6 16. Nf3 Qa5 17. Qe2 Qxa2 18. dxc5 Bc7 19. b4 Bc6 20. Ra1 Qb3 21. Nd4 Rxd4 22. Bxd4 Bb5 23. Qd1 Qxb4 24. Qb1 Qc4 25. Rc1 Qd5 26. Qb2 Rd8 27. c6 Bxc6 28. Rxa6 Kc8 29. Ra8+ Kd7 30. Rxd8+ Kxd8 31. Qc2 Ke7 32. Bc5+ Kf7 33. Rd1 Qh5 34. h3 f5 35. Bd6 Bb6 36. Re1 Qg6 37. Re2 Bf3 38. Qc8 Bxe3+ 39. Kh2 Bxf4+ 40. Bxf4 Bxe2 41. Qd7+ Kg8 42. Qd8+ Kf7 43. Qd7+ Kg8 1/2-1/2

[Event "Werther Schloss op-B 10th"]
[Site "Werther"]
[Date "2004.04.04"]
[Round "5"]
[White "Eleftheriadis, Paul Gabriel"]
[Black "Deckert, Frank"]
[Result "1/2-1/2"]
[WhiteElo "1676"]
[BlackElo "1785"]
[PlyCount "108"]
[EventDate "2004.04.02"]
[EventType "swiss"]
[EventRounds "5"]
[EventCountry "GER"]
[SourceTitle "EXT 2006"]
[Source "ChessBase"]
[SourceDate "2005.11.24"]
[SourceVersion "1"]
[SourceVersionDate "2005.11.24"]
[SourceQuality "1"]

1. Nc3 c5 2. Nf3 Nc6 3. d4 cxd4 4. Nxd4 g6 5. Bg5 Bg7 6. Ndb5 Nf6 7. Nd5 0-0 8. Bxf6 exf6 9. Nd6 Ne7 10. e3 Qa5+ 11. Nc3 f5 12. Qd2 Bxc3 13. bxc3 Qd5 14. Qxd5 Nxd5 15. Kd2 Nf6 16. f3 Ne8 17. Nb5 a6 18. Nd4 d5 19. Rb1 b5 20. Bd3 Nd6 21. Rb4 Bd7 22. a3 Rfc8 23. Ne2 Rc7 24. Rhb1 Rac8 25. Nf4 Be6 26. R1b3 Nc4+ 27. Bxc4 dxc4 28. Rb1 Rd8+ 29. Kc1 Rcd7 30. h4 Rd1+ 31. Kb2 Rxb1+ 32. Kxb1 Rd1+ 33. Kb2 Re1 34. a4 Bd7 35. Nd5 Kg7 36. axb5 axb5 37. Nc7 Rxe3 38. Nxb5 Re2 39. Nd4 Rxg2 40. Rxc4 Rh2 41. Nb3 h6 42. Rd4 Bc8 43. c4 g5 44. hxg5 hxg5 45. Rd1 g4 46. Rg1 Kf6 47. fxg4 fxg4 48. c5 Ke5 49. Kc1 f5 50. c6 Kd6 51. Nd4 f4 52. Rf1 f3 53. Nxf3 gxf3 54. Rxf3 Kxc6 1/2-1/2